00373nam a2200145Ia 4500008004100000020001500041041000800056082001600064100005700080245002900137250000600166260003200172300001400204650000900218210716s2003 xx 000 0 und d a1555582761 aeng a005.43 BOUP aBourne, Philip; Holstein, Richard; Mcmullen, Joseph. aUnix for open vms users. a3 aBostonbDigital Pressc2003 axviii,562 aUnix